| 000 | 00840 am a2200265ua 4500 | ||
|---|---|---|---|
| 001 | 010065794 | ||
| 005 | 20140302115905.0 | ||
| 008 | 870805t1987 xxkad grb 001 0 eng d | ||
| 010 | _a86025702 | ||
| 020 | _a0566051133 | ||
| 020 | _a9780566051135 | ||
| 040 |
_aUk _cUk |
||
| 082 | 0 | 4 |
_a658.306 _222 _bELI |
| 100 | 1 |
_aElizur, Dov _935148 |
|
| 245 | 1 | 0 |
_aSystematic job evaluation and comparable worth / _cDov Elizur. |
| 260 |
_aAldershot, United Kingdom ; _aBrookfield, United States : _bGower, _cc.1987. |
||
| 300 |
_axxiv, 290 p. : _bchart, tables ; _c23 cm. |
||
| 500 | _aIndex : p. 279-290. | ||
| 500 | _aIncludes appendix. | ||
| 504 | _aBibliography : p. 217-244. | ||
| 650 | 0 |
_aJob evaluation _xHandbooks, manuals, etc. _935149 |
|
| 653 |
_bBUSADM _cFebruary2014 |
||
| 655 |
_vreading book _934232 |
||
| 942 |
_2ddc _k658.306 ELI |
||
| 999 |
_c18059 _d18031 |
||